00307pab a2200121 454500008004000000100002200040245004200062260000900104300001300113362001100126650001400137773003400151180718b2010 xxu||||| |||| 00| 0 eng d aGhildiyal, Sanjay aMoral economy and the indigo movement c2010 ap.67-72. a20 Feb aPeasantry aEconomic and Political Weekly